000 00871nam0a22002651 4500
001 RU\NLR\A1SV\70508
005 20251203171251.9
035 _a(NLR Aleph) 009752060
090 _a9984517
_c9984517
100 _a20060621d1918 u y0rusy50 ca
101 0 _arus
102 _aRU
200 1 _aНиколай Иванович Кульбин
_e(1868-1917)
_e[Каталог выставки]
_fХудож. бюро Н.Е.Добычиной
210 _aПг.
_cЦ[ентр.] тип.
_d1918
215 _a14 с.
_d16 см
620 _dСанкт-Петербург
710 1 0 _aКульбин
_gНиколай Иванович
_cВыставка произведений
_f1918
_eПетроград
801 0 _aRU
_bNLR
_c20060621
899 _aРНБ
_j84-2/1204
899 _aГРМ
942 _cBOOK
980 _aNB
980 _aA1SV
980 _aA1SV